| 000 | 00332nam a2200133Ia 4500 | ||
|---|---|---|---|
| 008 | 230917s9999||||xx |||||||||||||| ||und|| | ||
| 040 |
_e89613 _aMAIN |
||
| 041 | _aEnglish | ||
| 082 | _a370.15 D539S | ||
| 100 | _aDhull, Indira | ||
| 245 | 0 | _aStudy of personality profiles of high and low achievers | |
| 300 | _a51 p. | ||
| 942 | _cTH | ||
| 999 |
_c49184 _d49184 |
||